000 00472nmm a2200157Ia 4500
008 251105s9999||||xx |||||||||||||||||und||
041 _aspa
100 _aLeón, Yolanda
245 0 _aLos límites de su consentimiento
264 _a[Madrid, España] :
_bEdiciones Pàmies,
_c[Fecha de publicación no identificada]
300 _a320 páginas
490 _aPhoebe
650 _aErotic novel
856 _uhttps://public.digitaliapublishing.com/a/84771
942 _cCF
999 _c100444
_d100444